[Event "POL Olympiad U14"]
[Site "Walbrzych"]
[Date "2013.??.??"]
[Round "2.4"]
[White "Kozubal, Aleksandra"]
[Black "Kaniewska, Emilia"]
[Result "1-0"]
[WhiteElo "1477"]
[BlackElo "1677"]
[PlyCount "99"]
[EventDate "2013.04.??"]
[EventType "team-swiss"]
[EventRounds "9"]
[EventCountry "POL"]
[SourceTitle "EXT 2014"]
[Source "ChessBase"]
[SourceDate "2013.11.20"]
[SourceVersion "1"]
[SourceVersionDate "2013.11.20"]
[SourceQuality "1"]

1. e4 c5 2. c3 d5 3. e5 e6 4. d4 Nc6 5. Ne2 cxd4 6. cxd4 Bb4+ 7. Bd2 Bxd2+ 8. Qxd2 Nge7 9. Nbc3 0-0 10. g3 Nf5 11. Bh3 f6 12. f4 fxe5 13. fxe5 b6 14. 0-0 Ba6 15. Rf2 Qd7 16. Bxf5 exf5 17. Nf4 Ne7 18. Re1 Bb7 19. a4 Bc6 20. b3 a6 21. Rc1 a5 22. Rcf1 Rab8 23. Nd1 Rbc8 24. Ne3 g6 25. Nd3 Bb7 26. Re1 Ba6 27. Nf4 Rc7 28. Rc1 Rfc8 29. Rxc7 Rxc7 30. Qb2 Qc8 31. h4 Bb7 32. b4 Rc3 33. Re2 Ba6 34. Nfxd5 Nxd5 35. Nxd5 Rc1+ 36. Kf2 Qc4 37. Nf6+ Kh8 38. b5 Bb7 39. e6 Rc3 40. Qd2 Rf3+ 41. Ke1 Qb3 42. Qb2 Qd3 43. e7 Rf1+ 44. Kxf1 Qf3+ 45. Ke1 Qxg3+ 46. Rf2 Qe3+ 47. Qe2 Qc1+ 48. Qd1 Qe3+ 49. Kf1 Qh3+ 50. Ke2 1-0

[Event "POL Olympiad U14"]
[Site "Walbrzych"]
[Date "2013.??.??"]
[Round "5.3"]
[White "Kozubal, Aleksandra"]
[Black "Kubicka, Anna"]
[Result "0-1"]
[WhiteElo "1477"]
[BlackElo "1686"]
[PlyCount "114"]
[EventDate "2013.04.??"]
[EventType "team-swiss"]
[EventRounds "9"]
[EventCountry "POL"]
[SourceTitle "EXT 2014"]
[Source "ChessBase"]
[SourceDate "2013.11.20"]
[SourceVersion "1"]
[SourceVersionDate "2013.11.20"]
[SourceQuality "1"]

1. d4 d5 2. c4 c6 3. Nc3 a6 4. e3 Nf6 5. Nf3 Bg4 6. Bd3 b5 7. cxd5 cxd5 8. Bd2 Nc6 9. Rc1 Rc8 10. h3 Bxf3 11. Qxf3 e6 12. 0-0 Be7 13. Qg3 0-0 14. f4 Na5 15. b3 Qb6 16. Kh1 Ba3 17. Rcd1 Nc6 18. Qf3 Nb4 19. Bb1 Bb2 20. Ne2 Nc2 21. Ng3 Rc6 22. f5 e5 23. dxe5 Bxe5 24. Ne2 Ne4 25. Bxc2 Rxc2 26. Bb4 Rxe2 27. Rfe1 Nf2+ 28. Kg1 Rxe1+ 29. Rxe1 Nd3 30. Bxf8 Nxe1 31. Qe2 Nxg2 32. Bxg7 Bxg7 33. Kxg2 Qc6 34. Kf1 Qc1+ 35. Kg2 Qb1 36. Qf2 Qe4+ 37. Qf3 Kf8 38. Qxe4 dxe4 39. Kg3 Bh6 40. Kf2 Ke7 41. Ke2 Kf6 42. Kd2 b4 43. Ke2 Kxf5 44. Kf2 Kg5 45. Kg3 Kh5 46. Kf2 Kh4 47. Ke2 Kxh3 48. Kf2 Bg5 49. Ke2 Kg2 50. Ke1 Bxe3 51. Ke2 Bd4 52. Ke1 Kf3 53. Kf1 e3 54. Ke1 Bc3+ 55. Kd1 e2+ 56. Kc2 e1Q 57. Kd3 Qe4# 0-1

[Event "POL Olympiad U14"]
[Site "Walbrzych"]
[Date "2013.??.??"]
[Round "7.6"]
[White "Kozubal, Aleksandra"]
[Black "Murawko, Julia"]
[Result "0-1"]
[WhiteElo "1477"]
[BlackElo "1651"]
[PlyCount "94"]
[EventDate "2013.04.??"]
[EventType "team-swiss"]
[EventRounds "9"]
[EventCountry "POL"]
[SourceTitle "EXT 2014"]
[Source "ChessBase"]
[SourceDate "2013.11.20"]
[SourceVersion "1"]
[SourceVersionDate "2013.11.20"]
[SourceQuality "1"]

1. d4 d5 2. c4 e6 3. Nc3 Nf6 4. Bg5 c6 5. e3 Nbd7 6. Nf3 Qa5 7. Nd2 Bb4 8. Qc2 0-0 9. Bd3 dxc4 10. Nxc4 Qxg5 11. 0-0 Bxc3 12. bxc3 h5 13. f4 Qh6 14. e4 Nb6 15. Nd2 Ng4 16. Rf3 f5 17. e5 Qg6 18. Rg3 h4 19. Rf3 Nd5 20. Nf1 b6 21. h3 Nh6 22. Rc1 Qe8 23. Qf2 Qd8 24. a3 Bb7 25. Bc4 c5 26. Rd3 Qe7 27. Ba2 cxd4 28. cxd4 Rac8 29. Rb1 Nc3 30. Ra1 Nxa2 31. Qxa2 Bd5 32. Qf2 Bc4 33. Rdd1 Bxf1 34. Rxf1 Rfd8 35. Rfd1 Rd5 36. Rd3 Nf7 37. g3 Rc4 38. gxh4 Qc7 39. Rad1 Rc1 40. Qg2 Rxd1+ 41. Rxd1 Qc3 42. Kh1 Qe3 43. Qf1 Rxd4 44. Rc1 Rxf4 45. Qd1 Qxh3+ 46. Kg1 Qg3+ 47. Kh1 Rxh4# 0-1

[Event "POL Olympiad U14"]
[Site "Walbrzych"]
[Date "2013.??.??"]
[Round "1.23"]
[White "Kozubal, Aleksandra"]
[Black "Najuch, Natalia"]
[Result "1-0"]
[WhiteElo "1477"]
[BlackElo "1312"]
[PlyCount "109"]
[EventDate "2013.04.??"]
[EventType "team-swiss"]
[EventRounds "9"]
[EventCountry "POL"]
[SourceTitle "EXT 2014"]
[Source "ChessBase"]
[SourceDate "2013.11.20"]
[SourceVersion "1"]
[SourceVersionDate "2013.11.20"]
[SourceQuality "1"]

1. d4 d5 2. c4 e6 3. Nf3 c6 4. e3 Nf6 5. Bd2 Be7 6. Nc3 0-0 7. Be2 Nbd7 8. 0-0 Re8 9. Qc2 Qc7 10. Rac1 Nf8 11. Ne5 Bd6 12. f4 Ng6 13. c5 Bxe5 14. fxe5 Nxe5 15. dxe5 Qxe5 16. Rf4 Qc7 17. Rcf1 Qe7 18. b4 e5 19. R4f2 Be6 20. a3 Rad8 21. e4 Nxe4 22. Nxe4 dxe4 23. Bc4 f6 24. Bxe6+ Qxe6 25. Qxe4 Rd4 26. Qc2 Red8 27. Bc1 Kh8 28. Rd2 Qd7 29. Rfd1 Qg4 30. Rxd4 Rxd4 31. Rxd4 Qxd4+ 32. Qf2 Qd1+ 33. Qf1 Qd4+ 34. Kh1 Qc3 35. h3 Kg8 36. Qd1 h6 37. Qd2 Qc4 38. Kh2 Kh7 39. Qe3 Qd5 40. Qf2 Qc4 41. Qf5+ Kg8 42. Bxh6 Qb3 43. Qg6 Qf7 44. Qxf7+ Kxf7 45. Bd2 Ke6 46. g4 Kd5 47. Kg3 e4 48. Kf4 Kd4 49. h4 g5+ 50. hxg5 fxg5+ 51. Kxg5 e3 52. Bxe3+ Kxe3 53. Kf5 Kd4 54. g5 Kc4 55. g6 1-0

[Event "POL Olympiad U14"]
[Site "Walbrzych"]
[Date "2013.??.??"]
[Round "9.6"]
[White "Kozubal, Aleksandra"]
[Black "Topolan, Agata"]
[Result "1/2-1/2"]
[WhiteElo "1477"]
[BlackElo "1449"]
[PlyCount "98"]
[EventDate "2013.04.??"]
[EventType "team-swiss"]
[EventRounds "9"]
[EventCountry "POL"]
[SourceTitle "EXT 2014"]
[Source "ChessBase"]
[SourceDate "2013.11.20"]
[SourceVersion "1"]
[SourceVersionDate "2013.11.20"]
[SourceQuality "1"]

1. d4 Nf6 2. c4 g6 3. Nc3 d5 4. Nf3 Bg7 5. Bf4 c6 6. Qd2 dxc4 7. e3 Nd5 8. Bxb8 Rxb8 9. Bxc4 0-0 10. 0-0 Nxc3 11. bxc3 e5 12. Qc1 e4 13. Nd2 b5 14. Bb3 Qh4 15. Qa3 a6 16. Qd6 Bb7 17. Qg3 Qe7 18. a4 Kh8 19. Rac1 c5 20. axb5 axb5 21. Rb1 c4 22. Bc2 Bd5 23. Rb4 f5 24. Rfb1 f4 25. exf4 Bh6 26. Qg4 Rxf4 27. Qe2 Rbf8 28. Rf1 Bc6 29. f3 Bg7 30. Rbb1 Qa3 31. Bxe4 Re8 32. Rbc1 Bh6 33. Rc2 Qa4 34. Qd1 Bxe4 35. Nxe4 b4 36. cxb4 Qxb4 37. Qb1 Qa4 38. Qa2 Qxa2 39. Rxa2 Rd8 40. Rd1 Rf5 41. Kf2 Rfd5 42. Ra7 Bg7 43. Ra4 Rxd4 44. Rxd4 Bxd4+ 45. Ke2 c3 46. Rc4 Be5 47. g3 Re8 48. Kf1 Rd8 49. Ke2 Re8 1/2-1/2

[Event "POL Olympiad U14"]
[Site "Walbrzych"]
[Date "2013.??.??"]
[Round "6.9"]
[White "Pedrak, Paulina"]
[Black "Kozubal, Aleksandra"]
[Result "0-1"]
[WhiteElo "1371"]
[BlackElo "1477"]
[PlyCount "74"]
[EventDate "2013.04.??"]
[EventType "team-swiss"]
[EventRounds "9"]
[EventCountry "POL"]
[SourceTitle "EXT 2014"]
[Source "ChessBase"]
[SourceDate "2013.11.20"]
[SourceVersion "1"]
[SourceVersionDate "2013.11.20"]
[SourceQuality "1"]

1. e4 c5 2. Nf3 Nc6 3. d4 cxd4 4. Nxd4 g6 5. c4 Bg7 6. Nc2 Nf6 7. Nc3 0-0 8. g3 d6 9. Bg2 Bg4 10. f3 Bd7 11. 0-0 Qc8 12. Ne3 Re8 13. f4 Na5 14. Qe2 Ng4 15. Nxg4 Bxg4 16. Qc2 Qxc4 17. Bd2 Qc5+ 18. Kh1 Rac8 19. Rac1 Qb6 20. h3 Be6 21. g4 Nc4 22. f5 Bd7 23. Rb1 Qc7 24. Rf3 b5 25. h4 Ne5 26. Rg3 b4 27. h5 bxc3 28. Bxc3 g5 29. Rf1 h6 30. Qd2 Bc6 31. Rc1 Qb7 32. Bxe5 Bxe5 33. Rb3 Qa6 34. Ra3 Qb6 35. Rb3 Qd4 36. Qxd4 Bxd4 37. Bf3 Bxe4 0-1